000 00346nam a2200145Ia 4500
008 150201s1998 xx 000 0 und d
082 _a617.6
_bC1998H
100 _aHARRIS
245 _aCLINICAL ORAL SCIENCE
250 _a1ST
260 _bWRIGHT PUBLICATION
_aOXFORD
_c1998
300 _a1-350
650 _aGENERAL DENTISTRY
942 _2ddc
_cBK
999 _c3484
_d3484